000 00477cam a2200181 4500
001 D13560
008 090401t1882 xxu||||| |||| 00| 0 eng d
035 _a(Sirsi) u10360
041 _aeng
100 _aOwen, Hugh
245 4 _aThe Poor Rate Assessment and Collection Act 1869 and amending Acts with introduction, notes, and index
250 _a7th
260 _aLondon
_bKnight and Co
_c1882
350 _a0
520 _aShelf 132
942 _n0
948 _c04/03/1997
999 _c86733
_d86733